Hacia la homogeneidad de los sistemas de jubilación /
Orillada por las dificultades para financiarlos e inspirada en las recomendaciones del Banco Mundial, en el mundo en desarrollo se ha emprendido una reforma de los sistemas previsionales. El autor pasa revista al debate sobre repartición y capitalización, examina los modelos anglosajón, alemán y lat...
Guardat en:
| Autor principal: | |
|---|---|
| Format: | Text |
| Matèries: | |
| Etiquetes: |
Afegir etiqueta
Sense etiquetes, Sigues el primer a etiquetar aquest registre!
|
MARC
| LEADER | 00000 a a2200000 04500 | ||
|---|---|---|---|
| 001 | 3482 | ||
| 003 | |||
| 040 | |||
| 100 | |a Guillén Romo, Héctor | ||
| 245 | |a Hacia la homogeneidad de los sistemas de jubilación / |c Héctor Guillén Romo | ||
| 520 | |a Orillada por las dificultades para financiarlos e inspirada en las recomendaciones del Banco Mundial, en el mundo en desarrollo se ha emprendido una reforma de los sistemas previsionales. El autor pasa revista al debate sobre repartición y capitalización, examina los modelos anglosajón, alemán y latino, y describe las características e inconvenientes del sistema implantado en México en 1997. REV//jmml | ||
| 650 | |a SISTEMAS DE JUBILACION | ||
| 650 | |a SECTOR PRIVADO | ||
| 650 | |a PENSIONES DE JUBILACION | ||
| 650 | |a VEJEZ | ||
| 650 | |a INGRESO POR TRANSFERENCIA | ||
| 650 | |a SUBSIDIOS DE JUBILACION | ||
| 650 | |a ESTADO | ||
| 650 | |a POLITICAS GUBERNAMENTALES | ||
| 650 | |a ECONOMIA | ||
| 650 | |a SOLIDARIDAD | ||
| 650 | |a DESARROLLO ECONOMICO Y SOCIAL | ||
| 650 | |a ORGANISMOS INTERNACIONALES | ||
| 773 | |g volumen 50, número 1; páginas 6-14 | ||
| 999 | |c 35860 |d 35860 | ||
